000 00995nam a22002657a 4500
005 20090505110443.0
008 090505t xxu||||| |||| 00| 0 eng d
010 _aENG-93422
020 _a8188683418
_c480.00
020 _a9788188683413
_c480.00
035 _aEN-76955
037 _bDBAD / PUB
040 _adpl
_bEnglish
082 _a307.772
245 _aTribal villages in Arunachal Pradesh:
_cedited by Tamo Mibang [and] M.C. Behera
_bchanging human interface /
260 _aDelhi
_bAbhijeet Publications
_c2004
270 _a2/46 Tukhmeerpur Extension
_bDelhi
_e110094
300 _axii, 225p.
_c22cm (Hb)
500 _aIncludes index
650 _aTribes
_zIndia
_zArunachal Pradesh.
700 _aMibang, Tamo
700 _aBehera, M.C.
942 _2ddc
_cEN
_mTRI
_h307.772
999 _c26079
_d26079